Délmagyarország. - 2001. augusztus 21., Kedd
Elmentve itt :
| Dokumentumtípus: | Újság |
|---|---|
| Megjelent: |
2001-08-21
|
| Sorozat: | Délmagyarország
91 No. 194 |
| Online Access: | http://dmarchiv.bibl.u-szeged.hu/27643 |
| LEADER | 00488nas a2200145 i 4500 | ||
|---|---|---|---|
| 001 | delm27643 | ||
| 005 | 20200415084717.0 | ||
| 008 | 171218s2001 hu n o 0|| hun d | ||
| 022 | |a 0133-025X | ||
| 040 | |a SZTE Délmagyarország Archívum |b hun | ||
| 041 | |a hun | ||
| 245 | 0 | 0 | |a Délmagyarország. - 2001. augusztus 21., Kedd |h [elektronikus dokumentum] |
| 260 | |c 2001-08-21 | ||
| 490 | 0 | |a Délmagyarország |v 91 No. 194 | |
| 856 | 4 | 0 | |u http://dmarchiv.bibl.u-szeged.hu/27643/1/dm_2001_194.pdf |z Dokumentum-elérés |